Normal view
MARC view
Entry Topical Term
001 - CONTROL NUMBER
- control field: 2032
003 - CONTROL NUMBER IDENTIFIER
- control field: Ke-BoTe
005 - DATE AND TIME OF LATEST TRANSACTION
- control field: 20220120090647.0
008 - FIXED-LENGTH DATA ELEMENTS
- fixed length control field: 220120|| aca||aabn | a|a d
040 ## - CATALOGING SOURCE
- Original cataloging agency: Ke-BoTe
- Transcribing agency: Ke-BoTe
150 ## - HEADING--TOPICAL TERM
- Topical term or geographic name entry element: Football players
- Geographic subdivision: United States
- General subdivision: Biography
670 ## - SOURCE DATA FOUND
- Source citation: Work cat.: (Ke-BoTe)1110: Byrd, Dennis. 2031, Rise and walk :, c1993.
